000 00298nam a22001337a 4500
008 210519b ||||| |||| 00| 0 eng d
041 _aeng
080 _a316
082 _a316
100 _a50
101 _aSOC
245 _aScientific social surveys and research
_cYoung,P.V
942 _2udc
_cBK
999 _c57517
_d57517